D'où viennent ces confiseries ? - Statistiques

Statistiques générales
  • Ce quiz a été pris 52 fois
  • Le résultat moyen est 9 sur 35
Statistiques - réponses
Confiserie Indice Réponse % Correct
Nougat M Montélimar
79%
Calisson A Aix-en-Provence
70%
Pralines roses L Lyon
67%
Bêtises C Cambrai
63%
Violettes T Toulouse
63%
Pastilles V Vichy
51%
Bergamote N Nancy
49%
Berlingot N Nantes
40%
Cotignacs O Orléans
40%
Babeluttes L Lille
37%
Caramels I Isigny
35%
Papaline A Avignon
30%
Grisettes M Montpellier
26%
Coucougnettes P Pau
26%
Sucre d'orge T Tours
23%
Griottes B Besançon
21%
Anis F Flavigny
21%
Zézettes S Sète
19%
Forestines B Bourges
16%
Marrons glacés P Privas
16%
Négus N Nevers
14%
Dragée V Verdun
14%
Niniches Q Quiberon
12%
Berlingot C Carpentras
9%
Pralines M Montargis
9%
Fruits confits A Apt
7%
Coquelicots N Nemours
7%
Pavés L Laon
5%
Guenots S Saint-Malo
5%
Cassissines B Beaune
2%
Wagotine U Uckange
2%
Pralines A Aigueperse
0%
Succès B Berck
0%
Pavés O Obernai
0%
Bonbons à la rose P Provins
0%
Aucun quiz correspondant
Distribution des résultats
% des personnes avec chaque résultat
Percentile par nombre de réponses
Votre historique - résultats
Vous n’avez pas pris ce quiz